Регионална библиотека "Любен Каравелов" - Русе

[Петдесет] 50 години старозагорско куклено изкуство (Запис номер 78841)

MARC детайли
000 -Лидер
Контролно поле с фиксирана дължина 01896nam a2200409 c 4500
003 - Код на организацията, давaща контролен номер
Контролно поле BLK
005 - Дата и час на последна редакция
Контролно поле 20250403151813.0
008 - Елементи от данни с фиксирана дължина
fixed length control field 180408b bul|||||r ||||||| ||bul||
010 ## - Наследен системен номер
LC control number KNG00083308000
020 ## - Международен стандартен номер на книга ISBN
Международен стандартен номер на книга ISBN 978-954-487-076-8
-- издат.: Литера принт
040 ## - Източник на каталожния запис
Идентификатор на билиотеката - собственик на записа BLK
041 ## - Код за език
Код за езика на текст/звукозапис или на отделно заглавие Български
Код за езика КДБФ Български
080 ## - УДК
Текстов определител УДК Куклен театър. Марионетен театър. Вж и 791.5
УДК код - определител по УДК 792.97
УДК определител .03(497.235)(091)
УДК - код + определител 792.97.03(497.235)(091)
080 ## - УДК
Текстов определител УДК Куклен театър. Марионетен театър. Вж и 791.5
УДК код - определител по УДК 792.97
УДК определител .09(497.235)(091)
УДК - код + определител 792.97.09(497.235)(091)
139 ## - Редно поле
Редна дума [Петдесет] 50 години старозагорско куклено изкуство
Авторски знак Пет - П 41
245 10 - Сведения за заглавието
Заглавие [Петдесет] 50 години старозагорско куклено изкуство
Подзаглавни данни 1957 - 2007
Редно поле (дума) състав. Мария Донева; състав. Татяна Калчева; състав. Дарин Петков.
257 ## - Страна на издаване
Страна на създаване/издаване България
260 ## - Област на издателските данни
-- Ст. Загора
Име на издателя, разпространителя и проч. Литера принт
Година на издаване 2008
300 ## - Физическа характеристика
Страници 180 с.
Илюстрации и др. със сн.
380 ## - Жанр
Жанр Изкуство
500 ## - Общи забележки
Забележка Офс. изд.
650 #4 - Допълнително описание по предмет – тема
Основно описание – тема или топоним Куклен театър - България
9 (RLIN) 260724
650 #4 - Допълнително описание по предмет – тема
Основно описание – тема или топоним Театрални постановки - България
9 (RLIN) 271079
651 #4 - Допълнително описание по предмет - топоним
Географско понятие Стара Загора
9 (RLIN) 276847
651 #4 - Допълнително описание по предмет - топоним
Географско понятие България
9 (RLIN) 241624
653 ## - Ключова дума – ненормативна
Ключова дума куклен театър
653 ## - Ключова дума – ненормативна
Ключова дума история
700 ## - Други автори (авторска отговорност)
Лично име Донева, Мария
Пълна форма на името Петрова, Мария Донева
Дати, свързани с автора 1974-
Друга информация Поетеса, детска писателка.
9 (RLIN) 365115
700 1# - Други автори (авторска отговорност)
Лично име Калчева, Татяна
Автороска отговорност (Описва отношението между автора и произведението) състав.
9 (RLIN) 298922
700 1# - Други автори (авторска отговорност)
Лично име Петков, Дарин
Автороска отговорност (Описва отношението между автора и произведението) състав.
9 (RLIN) 298923
852 ## - Местоположение
Форматна сигнатура Цб 239728
856 4# - Електронен адрес и достъп
Електронен формат pdf - файл
Път до файла /url/
856 4# - Електронен адрес и достъп
Електронен формат pdf - файл
Път до файла /url/
942 ## - АРТИКУЛИ
Вид на библиотечния материал Книги
Скрит в OPAC Не
944 ## - СЪЗДАВАНЕ И РЕДАКЦИЯ на ЗАПИСА
Създаване/Редакция Създаване
Дата на регистрацията/редакция 17.04.2008
Служител, извършил регистрацията/редакцията 30560
Статус, дата на статуса Геновева Генчева
944 ## - СЪЗДАВАНЕ И РЕДАКЦИЯ на ЗАПИСА
Създаване/Редакция Редакция
Дата на регистрацията/редакция 17.06.2008
Служител, извършил регистрацията/редакцията
999 ## - СИСТЕМНИ КОНТРОЛНИ НОМЕРА
Koha biblionumber 78841
Koha biblioitemnumber 78841
Наличности
Код за отписване Код за изгубен артикул Код за повреда Коз за рестрикции Код за отдаване Артикулен № Име на библиотеката - собственик Име на библиотеката, в която се намира в момента Статус (Текущо местоположение) Дата на вписване в системата Местоположение - отдел Цена в лева Инвентарен номер Систематично азбучна сигнатура Баркод Номер на екземпляра Цена в евро Служебна бележка Служебен тип на артикула
  Не е изгубен Не е повреден без рестрикции ползва се в читалня 127507 Регионална библиотека "Любен Каравелов" Русе Регионална библиотека "Любен Каравелов" Русе Хранилище 2008-04-17 Хранилище 0.00 120000725683 Цб 239728 120000725683 1 0.00 Дост: Dp Вид: Д N: 11 Дата: 13.02.2008 Книги
Vip Innovations Ltd, Rousse, Bulgaria 2025